000 00690nam a2200229 i 4500
001 125444
003 ES-MaACL
005 20230906192629.0
007 t|
008 070612s1964 fr ||||1| fre d
080 _a811.133.1'373.43:111
100 1 _aEtiemble, René.
_9182776
245 1 0 _aParlez-vous franglais? /
_cEtiemble.
260 _aParis :
_bGallimard,
_c[1964]
300 _a376 p. ;
_c17 cm.
490 1 _aCollection idées ;
_v40
500 _aBiblioteca Jacinto Martínez Lacalle.
650 1 4 _aLengua francesa-
_xExtranjerismos-
_xInglés.
_914218
830 0 _aCollection idées ;
_v40
_9219038
852 _aES-MaACL
_jE-11666
_bR.139681
999 _c125444
_d125444